Statistics for Midnight Rain - Taylor Swift (All Lyrics)

Click here to take the quiz!

General Stats

  • This quiz has been taken 27 times
  • The average score is 262 of 284

Answer Stats

Lyrics% Correct
a
100%
A
100%
and
100%
And
100%
bride,
100%
Chasing
100%
comfortable,
100%
fame,
100%
he
100%
He
100%
I
100%
It
100%
it
100%
making
100%
me
100%
midnight
100%
My
100%
my
100%
name
100%
of
100%
own
100%
pain
100%
rain
100%
Rain
100%
sunshine,
100%
that
100%
wanted,
100%
wanted
100%
was
100%
when
100%
All
95%
all
95%
changed
95%
like
95%
same
95%
stayed
95%
the
95%
'Cause
90%
'cause
90%
I'm
90%
life
90%
nice
90%
on
90%
broke
86%
every
86%
for
86%
Full
86%
full
86%
heart
86%
his
86%
never
86%
So
86%
think
86%
this)
86%
this,
86%
this
86%
town
86%
TV
86%
wasteland
86%
we
86%
away
81%
But
81%
cages,
81%
Except
81%
fences
81%
gave
81%
guess
81%
haunted
81%
haunted,
81%
him
81%
him,
81%
it's
81%
just
81%
Just
81%
kind
81%
love
81%
(Midnights
81%
midnights
81%
montage
81%
some,
81%
some
81%
Some
81%
sometimes
81%
thinks
81%
what
81%
boy
76%
day
76%
get
76%
in
76%
off
76%
paradise
76%
peppermint
76%
potion
76%
pretenders
76%
queens
76%
through
76%
came
71%
candy
71%
motion,
71%
ocean
71%
Pageant
71%
postcard
71%
slow
71%
things
71%
travel
71%
unravel
71%
window
71%
family
67%
Holiday
67%
peered
67%
time
67%
deep
62%
perfect
62%
Picture
62%
portal,
62%
shiny
57%
big
52%
Jumping
52%

Score Distribution

Percentile by Number Answered

Percent of People with Each Score

Your Score History

You have not taken this quiz